| 000 | 00615nam a2200229Ia 4500 | ||
|---|---|---|---|
| 003 | OSt | ||
| 005 | 20220928124321.0 | ||
| 006 | a|||||r|||| 00| 0 | ||
| 007 | ta | ||
| 008 | 220927b |||||||| |||| 00| 0 eng d | ||
| 024 | _a63981 | ||
| 037 | _cTextual | ||
| 040 |
_aSDCL _cSDCL _beng |
||
| 041 |
_2eng _aeng |
||
| 082 | _aY:1:(R), L8 | ||
| 100 |
_aPandit Sneh Ed. _9464342 |
||
| 245 | 0 | _aPerspectives in the Philosophy of culture | |
| 260 |
_aNew Delhi _bS.Chand & Company LTD _c1978 |
||
| 300 |
_axv;201p _ccm. |
||
| 942 |
_hY:1:(R), L8 _cTEXL _2CC |
||
| 999 |
_c777256 _d777256 |
||